<?xml version="1.0" encoding="UTF-8"?>
<record
    xmlns:xsi="http://www.w3.org/2001/XMLSchema-instance"
    xsi:schemaLocation="http://www.loc.gov/MARC21/slim http://www.loc.gov/standards/marcxml/schema/MARC21slim.xsd"
    xmlns="http://www.loc.gov/MARC21/slim">

  <leader>00858cam a22002651  4500</leader>
  <controlfield tag="001">9367</controlfield>
  <controlfield tag="003">BD-RjUL</controlfield>
  <controlfield tag="005">20211208234750.0</controlfield>
  <controlfield tag="008">140120s1964    nyua     b    001 0 eng</controlfield>
  <datafield tag="035" ind1=" " ind2=" ">
    <subfield code="a">(BD-RjUL)9412</subfield>
  </datafield>
  <datafield tag="040" ind1=" " ind2=" ">
    <subfield code="a">DLC</subfield>
    <subfield code="c">DLC</subfield>
    <subfield code="d">DLC</subfield>
    <subfield code="d">BD-RjUL</subfield>
    <subfield code="b">eng</subfield>
  </datafield>
  <datafield tag="041" ind1=" " ind2=" ">
    <subfield code="a">eng</subfield>
  </datafield>
  <datafield tag="082" ind1="0" ind2="0">
    <subfield code="a">541.396</subfield>
    <subfield code="b">BAC 1964</subfield>
  </datafield>
  <datafield tag="100" ind1="1" ind2=" ">
    <subfield code="a">Basolo, Fred,</subfield>
    <subfield code="d">1920-</subfield>
    <subfield code="9">29023</subfield>
  </datafield>
  <datafield tag="245" ind1="1" ind2="0">
    <subfield code="a">Coordination chemistry :</subfield>
    <subfield code="b">the chemistry of metal complexes /</subfield>
    <subfield code="c">[by] Fred Basolo [and] Ronald C. Johnson.</subfield>
  </datafield>
  <datafield tag="260" ind1=" " ind2=" ">
    <subfield code="a">New York :</subfield>
    <subfield code="b">W. A. Benjamin,</subfield>
    <subfield code="c">c1964.</subfield>
  </datafield>
  <datafield tag="300" ind1=" " ind2=" ">
    <subfield code="a">xii, 180 p. :</subfield>
    <subfield code="b">illus. (part col.) ;</subfield>
    <subfield code="c">22 cm.</subfield>
  </datafield>
  <datafield tag="490" ind1="0" ind2=" ">
    <subfield code="a">The General chemistry monograph series</subfield>
  </datafield>
  <datafield tag="504" ind1=" " ind2=" ">
    <subfield code="a">Includes bibliographies &amp; Index.</subfield>
  </datafield>
  <datafield tag="650" ind1=" " ind2="0">
    <subfield code="a">Metal complexes.</subfield>
    <subfield code="9">29024</subfield>
  </datafield>
  <datafield tag="700" ind1="1" ind2=" ">
    <subfield code="a">Johnson, Ronald C.,</subfield>
    <subfield code="e">joint author.</subfield>
    <subfield code="9">29025</subfield>
  </datafield>
  <datafield tag="942" ind1=" " ind2=" ">
    <subfield code="2">ddc</subfield>
    <subfield code="c">BK</subfield>
  </datafield>
  <datafield tag="999" ind1=" " ind2=" ">
    <subfield code="c">9367</subfield>
    <subfield code="d">9367</subfield>
  </datafield>
  <datafield tag="952" ind1=" " ind2=" ">
    <subfield code="0">0</subfield>
    <subfield code="1">0</subfield>
    <subfield code="2">ddc</subfield>
    <subfield code="4">0</subfield>
    <subfield code="7">0</subfield>
    <subfield code="8">NFIC</subfield>
    <subfield code="a">RUCL</subfield>
    <subfield code="b">RUCL</subfield>
    <subfield code="c">Stack</subfield>
    <subfield code="d">1975-12-02</subfield>
    <subfield code="e">Zeitlinger</subfield>
    <subfield code="g">2.20</subfield>
    <subfield code="l">0</subfield>
    <subfield code="o">541.396 BAC 1964</subfield>
    <subfield code="r">2014-01-20 00:00:00</subfield>
    <subfield code="t">C-12</subfield>
    <subfield code="w">2014-01-20</subfield>
    <subfield code="y">BK</subfield>
  </datafield>
  <datafield tag="952" ind1=" " ind2=" ">
    <subfield code="0">0</subfield>
    <subfield code="1">0</subfield>
    <subfield code="2">ddc</subfield>
    <subfield code="4">0</subfield>
    <subfield code="7">1</subfield>
    <subfield code="8">NFIC</subfield>
    <subfield code="a">RUCL</subfield>
    <subfield code="b">RUCL</subfield>
    <subfield code="c">Reading</subfield>
    <subfield code="d">1968-10-15</subfield>
    <subfield code="e">Mirza Book Agency</subfield>
    <subfield code="g">27.50</subfield>
    <subfield code="l">0</subfield>
    <subfield code="o">541.396 BAC 1964</subfield>
    <subfield code="r">2017-03-27 00:00:00</subfield>
    <subfield code="t">C-1</subfield>
    <subfield code="w">2017-03-27</subfield>
    <subfield code="y">BK</subfield>
  </datafield>
  <datafield tag="952" ind1=" " ind2=" ">
    <subfield code="0">0</subfield>
    <subfield code="1">0</subfield>
    <subfield code="2">ddc</subfield>
    <subfield code="4">0</subfield>
    <subfield code="7">0</subfield>
    <subfield code="8">NFIC</subfield>
    <subfield code="a">RUCL</subfield>
    <subfield code="b">RUCL</subfield>
    <subfield code="c">Stack</subfield>
    <subfield code="d">1967-06-13</subfield>
    <subfield code="e">Dept. of Chemistry, RU.</subfield>
    <subfield code="l">0</subfield>
    <subfield code="o">541.396 BAC 1964</subfield>
    <subfield code="r">2017-03-28 00:00:00</subfield>
    <subfield code="t">C-2</subfield>
    <subfield code="w">2017-03-28</subfield>
    <subfield code="y">BK</subfield>
  </datafield>
  <datafield tag="952" ind1=" " ind2=" ">
    <subfield code="0">0</subfield>
    <subfield code="1">0</subfield>
    <subfield code="2">ddc</subfield>
    <subfield code="4">0</subfield>
    <subfield code="7">0</subfield>
    <subfield code="8">NFIC</subfield>
    <subfield code="a">RUCL</subfield>
    <subfield code="b">RUCL</subfield>
    <subfield code="c">Stack</subfield>
    <subfield code="d">1966-04-30</subfield>
    <subfield code="e">Mirza book agency</subfield>
    <subfield code="g">12.25</subfield>
    <subfield code="l">0</subfield>
    <subfield code="o">541.396 BAC 1964</subfield>
    <subfield code="r">2017-04-01 00:00:00</subfield>
    <subfield code="t">C-3</subfield>
    <subfield code="w">2017-04-01</subfield>
    <subfield code="y">BK</subfield>
  </datafield>
  <datafield tag="952" ind1=" " ind2=" ">
    <subfield code="0">0</subfield>
    <subfield code="1">0</subfield>
    <subfield code="2">ddc</subfield>
    <subfield code="4">0</subfield>
    <subfield code="7">0</subfield>
    <subfield code="8">NFIC</subfield>
    <subfield code="a">RUCL</subfield>
    <subfield code="b">RUCL</subfield>
    <subfield code="c">Stack</subfield>
    <subfield code="d">1975-12-02</subfield>
    <subfield code="e">Zeithlinger.</subfield>
    <subfield code="g">2.20</subfield>
    <subfield code="l">0</subfield>
    <subfield code="o">541.396 BAC 1964</subfield>
    <subfield code="r">2017-05-13 00:00:00</subfield>
    <subfield code="t">C-4</subfield>
    <subfield code="w">2017-05-13</subfield>
    <subfield code="y">BK</subfield>
  </datafield>
  <datafield tag="952" ind1=" " ind2=" ">
    <subfield code="0">0</subfield>
    <subfield code="1">0</subfield>
    <subfield code="2">ddc</subfield>
    <subfield code="4">0</subfield>
    <subfield code="7">0</subfield>
    <subfield code="8">NFIC</subfield>
    <subfield code="a">RUCL</subfield>
    <subfield code="b">RUCL</subfield>
    <subfield code="c">Stack</subfield>
    <subfield code="d">1975-12-02</subfield>
    <subfield code="e">Zeithlinger.</subfield>
    <subfield code="g">2.20</subfield>
    <subfield code="l">0</subfield>
    <subfield code="o">541.396 BAC 1964</subfield>
    <subfield code="r">2017-05-13 00:00:00</subfield>
    <subfield code="t">C-5</subfield>
    <subfield code="w">2017-05-13</subfield>
    <subfield code="y">BK</subfield>
  </datafield>
  <datafield tag="952" ind1=" " ind2=" ">
    <subfield code="0">0</subfield>
    <subfield code="1">0</subfield>
    <subfield code="2">ddc</subfield>
    <subfield code="4">0</subfield>
    <subfield code="7">0</subfield>
    <subfield code="8">NFIC</subfield>
    <subfield code="a">RUCL</subfield>
    <subfield code="b">RUCL</subfield>
    <subfield code="c">Stack</subfield>
    <subfield code="d">1975-12-02</subfield>
    <subfield code="e">Zeithlinger.</subfield>
    <subfield code="g">2.20</subfield>
    <subfield code="l">0</subfield>
    <subfield code="o">541.396 BAC 1964</subfield>
    <subfield code="r">2017-05-13 00:00:00</subfield>
    <subfield code="t">C-6</subfield>
    <subfield code="w">2017-05-13</subfield>
    <subfield code="y">BK</subfield>
  </datafield>
  <datafield tag="952" ind1=" " ind2=" ">
    <subfield code="0">0</subfield>
    <subfield code="1">0</subfield>
    <subfield code="2">ddc</subfield>
    <subfield code="4">0</subfield>
    <subfield code="7">0</subfield>
    <subfield code="8">NFIC</subfield>
    <subfield code="a">RUCL</subfield>
    <subfield code="b">RUCL</subfield>
    <subfield code="c">Stack</subfield>
    <subfield code="d">1975-12-02</subfield>
    <subfield code="e">Zeitlinger</subfield>
    <subfield code="g">2.20</subfield>
    <subfield code="l">0</subfield>
    <subfield code="o">541.396 BAC 1964</subfield>
    <subfield code="r">2018-11-19 00:00:00</subfield>
    <subfield code="t">C-7</subfield>
    <subfield code="w">2018-11-19</subfield>
    <subfield code="y">BK</subfield>
  </datafield>
</record>
